[Event "22nd OIBM 2018"]
[Site "Gmund am Tegernsee"]
[Date "2018.11.02"]
[Round "7"]
[White "Nikanova, Ekaterina"]
[Black "Koepke, Christian"]
[Result "0-1"]
[WhiteElo "2088"]
[BlackElo "2331"]
[Annotator "NA"]
[PlyCount "78"]
[EventDate "2018.10.27"]
[EventType "swiss"]
[EventCountry "GER"]
[SourceTitle "playchess.com"]
[Source "ChessBase"]
[SourceQuality "1"]
[TimeControl "40/5400+30:1800+30"]

1. e4 {[%emt 0:00:00]} c5 {[%emt 0:00:00]} 2. a3 {[%emt 0:00:06]} g6 {[%emt 0:00:10]} 3. b4 {[%emt 0:00:07]} Bg7 {[%emt 0:00:34]} 4. Nc3 {[%emt 0:02:45]} d6 {[%emt 0:03:26]} 5. g3 {[%emt 0:00:17]} Nc6 {[%emt 0:03:29]} 6. Rb1 {[%emt 0:00:27]} e5 {[%emt 0:14:41]} 7. Bg2 {[%emt 0:04:21]} Nge7 {[%emt 0:00:54]} 8. Nge2 {[%emt 0:04:31]} O-O {[%emt 0:01:47]} 9. O-O {[%emt 0:02:16]} b6 {[%emt 0:16:37]} 10. d3 {[%emt 0:04:36]} Be6 {[%emt 0:03:39]} 11. Nd5 {[%emt 0:05:17]} Nd4 {[%emt 0:06:44]} 12. Nxd4 {[%emt 0:05:41]} cxd4 {[%emt 0:01:37]} 13. Nxe7+ {[%emt 0:01:58]} Qxe7 {[%emt 0:00:48]} 14. Bd2 {[%emt 0:00:34]} Rac8 {[%emt 0:01:46]} 15. Rc1 {[%emt 0:02:31]} Qd7 {[%emt 0:05:28]} 16. c3 {[%emt 0:04:09]} dxc3 {[%emt 0:00:27]} 17. Rxc3 {[%emt 0:09:08]} d5 {[%emt 0:03:39]} 18. Qe2 $15 {[%emt 0:16:11]} Rxc3 {[%emt 0:11:17]} 19. Bxc3 {[%emt 0:00:05]} Rc8 {[%emt 0:00:55]} 20. Bb2 {[%emt 0:05:37]} d4 {[%emt 0:11:00]} 21. Rc1 {[%emt 0:02:14]} Bh6 {[%emt 0:01:36]} 22. Rxc8+ {[%emt 0:01:46]} Qxc8 {[%emt 0:00:01]} 23. Qd1 {[%emt 0:00:49]} Bg4 {[%emt 0:01:54]} 24. Qb1 {[%emt 0:09:58]} Bd2 {[%emt 0:00:52]} 25. h4 {[%emt 0:03:25]} h5 {[%emt 0:02:04]} 26. Bf1 {[%emt 0:04:57]} Qc6 {[%emt 0:01:03]} 27. Bg2 {[%emt 0:01:29]} Qa4 {[%emt 0:01:01]} 28. f3 {[%emt 0:03:18]} Be6 {[%emt 0:00:31]} 29. Qf1 {[%emt 0:01:36]} Qc2 {[%emt 0:03:05]} 30. Ba1 {[%emt 0:00:08]} Bc1 {[%emt 0:02:16]} 31. f4 {[%emt 0:00:12]} Qb1 {[%emt 0:00:37]} 32. f5 {[%emt 0:01:49]} Bb3 {[%emt 0:00:22]} 33. fxg6 {[%emt 0:00:48]} Qxa1 {[%emt 0:00:43]} 34. gxf7+ {[%emt 0:00:13]} Bxf7 {[%emt 0:00:07]} 35. Kh2 {[%emt 0:00:15]} Qc3 {[%emt 0:00:38]} 36. Qf5 {[%emt 0:00:31]} Qc7 {[%emt 0:00:34]} 37. a4 {[%emt 0:01:04]} Bh6 {[%emt 0:00:41]} 38. Qf6 {[%emt 0:01:53]} Bg7 {[%emt 0:00:32]} 39. Qg5 {[%emt 0:00:05]} Qd6 {[%emt 0:00:46]} 0-1

[Event "22nd OIBM 2018"]
[Site "Gmund am Tegernsee"]
[Date "2018.11.02"]
[Round "7"]
[White "Gschwendtner, Klaus"]
[Black "Donchenko, Anatoly"]
[Result "0-1"]
[WhiteElo "2086"]
[BlackElo "2269"]
[Annotator "ChessBase"]
[PlyCount "90"]
[EventDate "2018.10.27"]
[EventType "swiss"]
[EventCountry "GER"]
[SourceTitle "playchess.com"]
[Source "ChessBase"]
[SourceQuality "1"]
[TimeControl "40/5400+30:1800+30"]

1. e4 {[%emt 0:00:00]} c5 {[%emt 0:00:00]} 2. Nf3 {[%emt 0:00:07]} e6 {[%emt 0:01:04]} 3. d3 {[%emt 0:00:53]} d5 {[%emt 0:00:42]} 4. Nbd2 {[%emt 0:01:06]} Nf6 {[%emt 0:01:39]} 5. g3 {[%emt 0:00:57]} b5 {[%emt 0:00:30]} 6. Bg2 {[%emt 0:01:15]} Bb7 {[%emt 0:00:29]} 7. e5 {[%emt 0:10:42]} Nfd7 {[%emt 0:00:18]} 8. O-O {[%emt 0:00:09]} Nc6 {[%emt 0:00:21]} 9. Re1 {[%emt 0:00:10]} Qc7 {[%emt 0:01:05]} 10. Qe2 {[%emt 0:01:51]} Be7 {[%emt 0:01:14]} 11. h4 {[%emt 0:01:06]} a5 {[%emt 0:03:22]} 12. Nf1 {[%emt 0:02:43]} h6 {[%emt 0:02:25]} 13. h5 {[%emt 0:11:28]} b4 {[%emt 0:02:15]} 14. c3 {[%emt 0:06:12]} a4 {[%emt 0:02:20]} 15. a3 {[%emt 0:03:30]} bxc3 {[%emt 0:03:17]} 16. bxc3 {[%emt 0:00:02]} Rb8 {[%emt 0:02:18]} 17. Bh3 {[%emt 0:04:03]} Ba6 {[%emt 0:05:07]} 18. Bf4 {[%emt 0:02:36]} Rb3 {[%emt 0:03:33]} 19. Ne3 {[%emt 0:08:18]} Nb6 {[%emt 0:08:25]} 20. Rec1 {[%emt 0:12:20]} d4 {[%emt 0:19:01]} 21. cxd4 {[%emt 0:02:45]} Bxd3 {[%emt 0:00:11]} 22. Qd1 {[%emt 0:00:57]} c4 {[%emt 0:00:17]} 23. d5 {[%emt 0:01:22]} exd5 {[%emt 0:04:04]} 24. e6 {[%emt 0:01:16]} Bd6 {[%emt 0:01:04]} 25. exf7+ {[%emt 0:01:09]} Kxf7 {[%emt 0:00:15]} 26. Bxd6 {[%emt 0:09:22]} Qxd6 {[%emt 0:00:10]} 27. Nh4 {[%emt 0:03:15]} Nd4 {[%emt 0:08:19]} 28. Nef5 {[%emt 0:04:50]} Nxf5 {[%emt 0:02:24]} 29. Bxf5 {[%emt 0:01:07]} Re8 {[%emt 0:01:13]} 30. Qg4 {[%emt 0:04:45]} Qf6 {[%emt 0:03:38]} 31. Bg6+ {[%emt 0:01:58]} Bxg6 {[%emt 0:00:31]} 32. hxg6+ {[%emt 0:00:01]} Kf8 {[%emt 0:00:58]} 33. Ra2 {[%emt 0:03:01]} Re4 {[%emt 0:01:32]} 34. Qh3 {[%emt 0:00:20]} Qe6 {[%emt 0:01:37]} 35. Qg2 {[%emt 0:00:52]} d4 {[%emt 0:02:05]} 36. Rd2 {[%emt 0:00:19]} Re1+ {[%emt 0:06:12]} 37. Kh2 {[%emt 0:01:04]} Rxc1 {[%emt 0:04:04]} 38. Rxd4 {[%emt 0:00:07]} Rbb1 {[%emt 0:00:20]} 39. Rf4+ {[%emt 0:00:04]} Ke8 {[%emt 0:00:35]} 40. Qb7 {[%emt 0:00:25]} Rh1+ {[%emt 0:01:04]} 41. Kg2 {[%emt 0:30:20]} Qd5+ {[%emt 0:31:31]} 42. Re4+ {[%emt 0:00:02]} Kd8 {[%emt 0:00:35]} 43. Qe7+ {[%emt 0:01:15]} Kc8 {[%emt 0:00:13]} 44. Nf3 {[%emt 0:00:11]} Nd7 {[%emt 0:06:09]} 45. g4 {[%emt 0:00:00]} Rhd1 {[%emt 0:00:00]} 0-1

[Event "22nd OIBM 2018"]
[Site "Gmund am Tegernsee"]
[Date "2018.11.02"]
[Round "7"]
[White "Schoenberger, Peter"]
[Black "Tonndorf, Matthias"]
[Result "1-0"]
[WhiteElo "2081"]
[BlackElo "2216"]
[Annotator "NA"]
[PlyCount "73"]
[EventDate "2018.10.27"]
[EventType "swiss"]
[EventCountry "GER"]
[SourceTitle "playchess.com"]
[Source "ChessBase"]
[SourceQuality "1"]
[TimeControl "40/5400+30:1800+30"]

1. e4 {[%emt 0:00:00]} c5 {[%emt 0:00:00]} 2. c3 {[%emt 0:00:00]} Nf6 {[%emt 0:00:00]} 3. e5 {[%emt 0:00:00]} Nd5 {[%emt 0:00:00]} 4. Nf3 {[%emt 0:00:01]} Nc6 {[%emt 0:00:35]} 5. d4 {[%emt 0:04:24]} cxd4 {[%emt 0:00:39]} 6. cxd4 {[%emt 0:00:10]} g6 {[%emt 0:00:14]} 7. Bc4 {[%emt 0:03:02]} Nb6 {[%emt 0:02:14]} 8. Bb3 {[%emt 0:01:12]} Bg7 {[%emt 0:00:10]} 9. O-O {[%emt 0:01:52]} O-O {[%emt 0:00:16]} 10. Bf4 {[%emt 0:05:52]} d6 {[%emt 0:04:58]} 11. exd6 {[%emt 0:09:59]} exd6 {[%emt 0:01:06]} 12. h3 {[%emt 0:00:20]} Na5 $14 {[%emt 0:03:51] LiveBook: 13 Games} 13. Nc3 {[%emt 0:05:47]} Nxb3 {[%emt 0:08:18]} 14. Qxb3 {[%emt 0:00:12]} Be6 {[%emt 0:12:17]} 15. d5 {[%emt 0:10:53]} Bf5 {[%emt 0:00:15]} 16. Rad1 {[%emt 0:13:10]} Rc8 {[%emt 0:04:52]} 17. Nd4 {[%emt 0:09:51]} Rc4 {[%emt 0:06:34]} 18. Be3 {[%emt 0:04:30]} Bxh3 {[%emt 0:11:16]} 19. gxh3 {[%emt 0:05:52]} Qh4 {[%emt 0:01:09]} 20. Nce2 {[%emt 0:00:49]} Qxh3 {[%emt 0:00:51]} 21. Bf4 {[%emt 0:01:30]} Qd7 {[%emt 0:04:44]} 22. Qf3 {[%emt 0:01:22]} Rfc8 {[%emt 0:02:43]} 23. b3 {[%emt 0:01:04]} R4c5 {[%emt 0:00:16]} 24. Kg2 {[%emt 0:07:22]} Nxd5 {[%emt 0:02:06]} 25. Bg3 {[%emt 0:03:17]} Nc3 {[%emt 0:02:49]} 26. Nxc3 {[%emt 0:02:22]} Rxc3 {[%emt 0:00:15]} 27. Qe2 {[%emt 0:00:32]} Be5 {[%emt 0:01:28]} 28. Qe4 {[%emt 0:02:23]} Bxg3 {[%emt 0:06:58]} 29. fxg3 {[%emt 0:00:08]} Re8 {[%emt 0:00:18]} 30. Qf4 {[%emt 0:01:56]} b5 {[%emt 0:04:12]} 31. Rd2 {[%emt 0:01:12]} Qb7+ {[%emt 0:07:44]} 32. Rf3 {[%emt 0:00:43]} Ree3 {[%emt 0:03:34]} 33. Rdf2 {[%emt 0:00:09]} Qd5 {[%emt 0:00:49]} 34. Qxf7+ {[%emt 0:00:36]} Qxf7 {[%emt 0:00:07]} 35. Rxf7 {[%emt 0:00:06]} Rxg3+ {[%emt 0:00:12]} 36. Kf1 {[%emt 0:00:06]} h5 {[%emt 0:03:53]} 37. Ne2 {[%emt 0:01:05]} 1-0

[Event "22nd OIBM 2018"]
[Site "Gmund am Tegernsee"]
[Date "2018.11.02"]
[Round "7"]
[White "Kugelmann, Werner"]
[Black "Wintzer, Joachim, Dr."]
[Result "0-1"]
[WhiteElo "2072"]
[BlackElo "2260"]
[Annotator "NA"]
[PlyCount "122"]
[EventDate "2018.10.27"]
[EventType "swiss"]
[EventCountry "GER"]
[SourceTitle "playchess.com"]
[Source "ChessBase"]
[SourceQuality "1"]
[TimeControl "40/5400+30:1800+30"]

1. e4 c6 2. d4 d5 3. e5 c5 4. dxc5 e6 5. Nf3 {[%emt 0:02:05]} Bxc5 {[%emt 0:02:27] B12: Caro-Kann: Advance Variation} 6. Bd3 {[%emt 0:01:40]} (6. a3 Nd7 7. Bd3 f6 8. b4 Be7 9. Bb2 fxe5 10. Nxe5 Nxe5 11. Bxe5 Bf6 12. O-O Nh6 13. Bxf6 Qxf6 {1-0 (70) Jakovenko,D (2735)-Fedoseev,V (2706) Poikovsky 2018}) 6... Nc6 {[%emt 0:00:34]} 7. O-O {[%emt 0:05:01]} Nge7 {[%emt 0:00:16]} 8. a3 {[%emt 0:02:13]} a5 {[%emt 0:05:00]} 9. b3 $146 {[%emt 0:03:12]} ({Predecessor:} 9. Nc3 Ng6 10. Qe2 Bd7 11. Nb5 O-O 12. Be3 Be7 13. Bxg6 fxg6 {½-½ (34) Paikidze,N (2406)-Batsiashvili,N (2438) Anaklia 2012}) 9... Ng6 {[%emt 0:00:34]} 10. Re1 {[%emt 0:05:38]} b6 {[%emt 0:05:52]} 11. Bb2 {[%emt 0:06:13]} Ba6 {[%emt 0:01:56]} 12. Bxa6 {[%emt 0:04:57]} Rxa6 {[%emt 0:00:03]} 13. Qd3 {[%emt 0:06:29]} Ra8 {[%emt 0:01:25]} 14. g3 {[%emt 0:06:16]} Be7 {[%emt 0:13:31]} 15. Nc3 {[%emt 0:06:18]} O-O {[%emt 0:06:11]} 16. Rad1 {[%emt 0:03:55]} Qb8 {[%emt 0:05:48]} 17. Nb5 {[%emt 0:01:54]} Na7 {[%emt 0:00:37]} 18. Nbd4 {[%emt 0:04:58]} Rc8 {[%emt 0:01:51]} 19. h4 {[%emt 0:02:00]} Nc6 {[%emt 0:09:11]} 20. Nb5 {[%emt 0:02:13]} Na7 {[%emt 0:02:02]} 21. Nbd4 {[%emt 0:00:15]} Qb7 {[%emt 0:01:22]} 22. Bc1 {[%emt 0:02:22]} Nf8 {[%emt 0:02:54]} 23. Ng5 {[%emt 0:04:28]} Rc7 {[%emt 0:02:50]} 24. Qf3 {[%emt 0:08:06]} Bd8 {[%emt 0:02:21]} 25. a4 {[%emt 0:02:37]} Rac8 {[%emt 0:01:42]} 26. Ba3 {[%emt 0:00:50]} Rc3 {[%emt 0:02:37]} 27. Rd3 {[%emt 0:00:48]} Rxd3 {[%emt 0:00:47]} 28. Qxd3 {[%emt 0:00:23]} Ng6 {[%emt 0:02:11]} 29. Nxh7 {[%emt 0:01:29]} Nc6 {[%emt 0:05:56]} 30. Nf3 {[%emt 0:06:20]} Kxh7 {[%emt 0:03:33]} 31. h5 {[%emt 0:00:06]} Be7 {[%emt 0:00:51]} 32. hxg6+ {[%emt 0:00:22]} fxg6 {[%emt 0:00:06]} 33. Bxe7 {[%emt 0:01:13]} Qxe7 {[%emt 0:00:38]} 34. Kg2 {[%emt 0:00:26]} Qe8 {[%emt 0:00:28]} 35. Ng5+ {[%emt 0:02:13]} Kg8 {[%emt 0:00:09]} 36. g4 {[%emt 0:00:17]} Kf8 {[%emt 0:04:52]} 37. Qh3 {[%emt 0:01:24]} Ke7 {[%emt 0:01:45]} 38. Qh7 {[%emt 0:00:38]} Qg8 {[%emt 0:00:13]} 39. Qxg6 {[%emt 0:00:15]} Kd7 {[%emt 0:01:12]} 40. c4 {[%emt 0:02:27]} Ne7 {[%emt 0:03:37]} 41. Qd3 {[%emt 0:30:56]} Qf8 {[%emt 0:31:12]} 42. cxd5 {[%emt 0:05:40]} Nxd5 {[%emt 0:00:35]} 43. Nxe6 {[%emt 0:00:00]} Kxe6 {[%emt 0:00:00]} 44. Qg6+ {[%emt 0:00:00]} Kd7 {[%emt 0:00:00]} 45. Rd1 {[%emt 0:00:00]} Rc5 {[%emt 0:00:00]} 46. Qxb6 {[%emt 0:00:00]} Qf4 {[%emt 0:00:00]} 47. e6+ {[%emt 0:00:00]} Ke8 {[%emt 0:00:00]} 48. Qxc5 {[%emt 0:00:00]} Qxg4+ {[%emt 0:00:00]} 49. Kh2 {[%emt 0:00:00]} Qh5+ {[%emt 0:00:00]} 50. Kg3 {[%emt 0:00:00]} Qg5+ $11 {[%emt 0:00:00]} 51. Kh2 {[%emt 0:00:00]} Qh5+ {[%emt 0:00:00]} 52. Kg3 {[%emt 0:00:00]} Qxd1 {[%emt 0:00:00]} 53. Qc8+ {[%emt 0:00:00]} Ke7 {[%emt 0:00:00]} 54. Qd7+ {[%emt 0:00:00]} Kf6 {[%emt 0:00:00]} 55. Qf7+ {[%emt 0:00:00]} Ke5 {[%emt 0:00:00]} 56. Qxg7+ {[%emt 0:00:00]} Kxe6 57. Qg8+ {[%emt 0:01:35]} Kd7 {[%emt 0:00:00]} 58. Qf7+ {[%emt 0:00:41]} Ne7 {[%emt 0:00:00]} 59. Qc4 {[%emt 0:03:42]} Qd6+ {[%emt 0:05:59]} 60. f4 {[%emt 0:00:42]} Nf5+ {[%emt 0:01:37]} 61. Kf3 {[%emt 0:01:12]} Qd1+ {[%emt 0:00:19]} 0-1

[Event "22nd OIBM 2018"]
[Site "Gmund am Tegernsee"]
[Date "2018.11.02"]
[Round "7"]
[White "Reuter, Roland"]
[Black "Sahin, Ozgun"]
[Result "1-0"]
[WhiteElo "1916"]
[BlackElo "2208"]
[Annotator "NA"]
[PlyCount "65"]
[EventDate "2018.10.27"]
[EventType "swiss"]
[EventCountry "GER"]
[SourceTitle "playchess.com"]
[Source "ChessBase"]
[SourceQuality "1"]
[TimeControl "40/5400+30:1800+30"]

1. e4 {[%emt 0:00:00]} c5 {[%emt 0:00:00]} 2. Nf3 {[%emt 0:00:00]} Nc6 {[%emt 0:00:00]} 3. d4 {[%emt 0:00:02]} cxd4 {[%emt 0:00:00]} 4. Nxd4 {[%emt 0:00:07]} g6 {[%emt 0:00:00]} 5. Be3 {[%emt 0:01:25]} Nf6 {[%emt 0:00:00]} 6. Nc3 {[%emt 0:00:23]} Bg7 {[%emt 0:00:00]} 7. Be2 {[%emt 0:01:05]} O-O {[%emt 0:00:04]} 8. Qd2 {[%emt 0:00:58]} d5 {[%emt 0:01:58]} 9. Nxc6 {[%emt 0:01:13]} bxc6 {[%emt 0:00:07]} 10. exd5 {[%emt 0:02:01]} Nxd5 {[%emt 0:01:16]} 11. Nxd5 {[%emt 0:01:18]} cxd5 {[%emt 0:00:41]} 12. c3 {[%emt 0:00:43]} e5 {[%emt 0:07:32]} 13. O-O {[%emt 0:01:51]} Be6 {[%emt 0:00:47]} 14. Bc5 {[%emt 0:01:15]} Re8 {[%emt 0:00:18]} 15. a4 {[%emt 0:05:05]} Qc7 {[%emt 0:02:12]} 16. b4 {[%emt 0:01:18]} f5 {[%emt 0:04:46]} 17. Rfe1 {[%emt 0:01:44]} f4 $11 {[%emt 0:03:09]} 18. Bb5 {[%emt 0:02:35]} Red8 {[%emt 0:00:30]} 19. f3 {[%emt 0:02:33]} e4 {[%emt 0:03:45]} 20. Rac1 {[%emt 0:02:21]} e3 {[%emt 0:05:26]} 21. Qe2 {[%emt 0:00:31]} Bf6 {[%emt 0:04:51]} 22. Red1 {[%emt 0:01:56]} Bh4 {[%emt 0:07:14]} 23. Bd4 {[%emt 0:03:51]} Bf2+ {[%emt 0:12:35]} 24. Kh1 {[%emt 0:01:11]} Qe7 {[%emt 0:03:30]} 25. Qf1 {[%emt 0:05:21]} Qh4 {[%emt 0:01:42]} 26. Rc2 {[%emt 0:00:48]} Bg3 {[%emt 0:00:54]} 27. h3 {[%emt 0:00:57]} g5 {[%emt 0:09:59]} 28. Be5 {[%emt 0:05:52]} h5 {[%emt 0:08:26]} 29. Qd3 {[%emt 0:00:01]} Bf7 {[%emt 0:00:04]} 30. Qf5 {[%emt 0:00:59]} Bf2 {[%emt 0:04:22]} 31. Qf6 {[%emt 0:04:37]} Kf8 {[%emt 0:00:01]} 32. Qh6+ {[%emt 0:01:53]} Ke7 {[%emt 0:00:07]} 33. Bf6+ {[%emt 0:01:21]} 1-0

[Event "22nd OIBM 2018"]
[Site "Gmund am Tegernsee"]
[Date "2018.11.02"]
[Round "7"]
[White "Ries, Berthold"]
[Black "Huber, Benedikt"]
[Result "0-1"]
[WhiteElo "1862"]
[BlackElo "2116"]
[Annotator "NA"]
[PlyCount "56"]
[EventDate "2018.10.27"]
[EventType "swiss"]
[EventCountry "GER"]
[SourceTitle "playchess.com"]
[Source "ChessBase"]
[SourceQuality "1"]
[TimeControl "40/5400+30:1800+30"]

1. e4 {[%emt 0:00:00]} c5 {[%emt 0:00:00]} 2. Nc3 {[%emt 0:00:00]} e6 {[%emt 0:00:00]} 3. Nge2 {[%emt 0:00:00]} Nc6 {[%emt 0:00:14]} 4. g3 {[%emt 0:00:50]} d5 {[%emt 0:01:00]} 5. exd5 {[%emt 0:00:17]} exd5 {[%emt 0:00:07]} 6. d4 {[%emt 0:03:13]} Bg4 {[%emt 0:01:08]} 7. Be3 {[%emt 0:03:25]} Bf3 {[%emt 0:01:06]} 8. Rg1 {[%emt 0:00:25]} Be7 {[%emt 0:06:44]} 9. Bg2 {[%emt 0:00:58]} Bxg2 {[%emt 0:00:19]} 10. Rxg2 {[%emt 0:00:14]} Bf6 {[%emt 0:01:38]} 11. Qd2 {[%emt 0:03:22]} Nge7 {[%emt 0:03:00]} 12. O-O-O {[%emt 0:00:42]} Nf5 {[%emt 0:01:10]} 13. g4 {[%emt 0:11:35]} Nfxd4 {[%emt 0:04:02]} 14. Bxd4 {[%emt 0:01:38]} cxd4 {[%emt 0:03:12]} 15. Nb5 {[%emt 0:01:55]} O-O {[%emt 0:04:04]} 16. Nbxd4 {[%emt 0:00:26]} Re8 {[%emt 0:01:35]} 17. g5 {[%emt 0:04:32]} Bxd4 {[%emt 0:03:22]} 18. Nxd4 {[%emt 0:00:34]} Re4 {[%emt 0:01:44]} 19. Nb3 {[%emt 0:01:01]} Qe7 {[%emt 0:02:09]} 20. f3 {[%emt 0:01:25]} Re5 {[%emt 0:01:26]} 21. f4 {[%emt 0:01:05]} Re4 {[%emt 0:00:07]} 22. f5 {[%emt 0:02:39]} Rd8 {[%emt 0:05:19]} 23. f6 {[%emt 0:05:26]} Qe5 {[%emt 0:01:32]} 24. Qf2 {[%emt 0:07:45]} Re8 {[%emt 0:14:28]} 25. c3 {[%emt 0:07:17]} b5 {[%emt 0:05:48]} 26. Qc5 {[%emt 0:03:23]} Nb4 {[%emt 0:13:32]} 27. a3 {[%emt 0:09:19]} Qf4+ {[%emt 0:02:24]} 28. Rgd2 {[%emt 0:01:07]} Nd3+ {[%emt 0:00:10]} 0-1

[Event "22nd OIBM 2018"]
[Site "Gmund am Tegernsee"]
[Date "2018.11.03"]
[Round "8"]
[White "Nisipeanu, Liviu-Dieter"]
[Black "Kulaots, Kaido"]
[Result "1-0"]
[WhiteElo "2667"]
[BlackElo "2546"]
[Annotator "TA"]
[PlyCount "61"]
[EventDate "2018.10.27"]
[EventType "swiss"]
[EventCountry "GER"]
[SourceTitle "playchess.com"]
[Source "ChessBase"]
[SourceQuality "1"]

{[%evp 23,61,2,54,46,40,50,50,52,19,60,64,52,338,342,377,358,377,374,304,306,313,293,302,264,523,573,567,566,546,546,1785,1745,1606,1558,29991,29991,29991,29992,29992,29993]} 1. e4 {Ramirez Alvarez,Alejandro} c5 2. Nf3 d6 3. d4 cxd4 4. Nxd4 Nf6 5. Nc3 a6 6. Be3 e6 7. g4 e5 8. Nf5 {B81: Sicilian Scheveningen: Keres Attack} h5 9. g5 Nxe4 10. Nxg7+ Bxg7 11. Nxe4 d5 12. Ng3 e4 {LiveBook: 15 Games} (12... d4 $1 $11 13. Bd2 Qd5) 13. c3 $14 Nc6 14. Nxh5 Be5 15. f4 exf3 $1 16. Qxf3 {[#]} d4 $146 17. O-O-O {Black must now prevent Bc4.} Rxh5 $2 {[%mdl 8192]} ({Black should play} 17... Be6 $14 18. Nf6+ Bxf6 19. gxf6 Qa5 20. Rxd4 (20. cxd4 $2 Rc8 $19) (20. Bxd4 Qxa2 21. Bc5 Qa1+ 22. Kc2 Qa4+ 23. Kc1 Qa1+ 24. Kc2 Qa4+ 25. Kc1 Qa1+ $11) 20... Qxa2) 18. Qxh5 $18 Qd5 19. g6 Be6 {[#]} 20. Bh3 $1 {aiming for Rhe1.} fxg6 21. Qxg6+ Bf7 22. Qf5 {Threatens to win with Rhe1.} Ne7 23. Qg4 Qxa2 $2 (23... Rd8 {keeps fighting.} 24. Bxd4 Bxd4) 24. Bxd4 Qa1+ {[#]} 25. Kd2 $1 Qxb2+ 26. Ke1 Bxd4 27. Qxd4 ({Not} 27. Rxd4 Qa1+ 28. Rd1 Qxc3+ 29. Kf2 (29. Kf1 Qf6+ 30. Kg2 Qc6+ 31. Kf2 Qf6+ 32. Kg2 Qc6+ 33. Kg1 Rd8 $11) 29... Qf6+ 30. Ke2 Rc8 $11) 27... Kf8 28. Rg1 {Intending Qg7+ and mate.} Ng6 29. Qd6+ {White mates.} Kg7 {[#]} 30. Rxg6+ $1 {[%mdl 512]} Bxg6 31. Qe5+ {Precision: White = 97%, Black = 37%.} 1-0

[Event "22nd OIBM 2018"]
[Site "Gmund am Tegernsee"]
[Date "2018.11.03"]
[Round "8"]
[White "Iturrizaga Bonelli, Eduardo"]
[Black "Stefansson, Hannes"]
[Result "1/2-1/2"]
[WhiteElo "2636"]
[BlackElo "2502"]
[Annotator "TA"]
[PlyCount "80"]
[EventDate "2018.10.27"]
[EventType "swiss"]
[EventCountry "GER"]
[SourceTitle "playchess.com"]
[Source "ChessBase"]
[SourceQuality "1"]

{[%evp 27,80,0,0,0,0,-45,-33,-22,-9,-10,70,82,100,98,94,91,91,98,97,97,105,108,97,64,75,0,0,0,0,0,0,0,0,0,0,0,0,0,0,-20,0,-4,0,0,0,0,0,0,0,0,0,0,0,0,0]} 1. Nf3 {Ftacnik,L} Nf6 2. c4 e6 3. g3 d5 4. d4 Be7 5. Bg2 O-O 6. O-O Nbd7 7. Qc2 c6 8. b3 b6 9. Nc3 Ba6 10. Rd1 Rc8 11. Bb2 dxc4 12. bxc4 Bxc4 13. Ne5 Nxe5 14. dxe5 Nd5 15. Ne4 {E08: Closed Catalan: Main Line: 7 Qc2} b5 {[#]} 16. Nd6 $1 {[%mdl 512]} Bxd6 17. exd6 {[#] Black is slightly better.} f6 $146 ({But not} 17... Qxd6 $6 18. e4 $16) ({Predecessor:} 17... Qd7 18. Rd4 f5 19. e4 Nb4 20. Qc3 c5 21. Rd2 f4 22. a4 a6 23. axb5 axb5 24. Ra7 {1-0 (27) Bacrot,E (2653)-Lautier,J (2675) Paris 2002 CBM 090 [Ftacnik,L]}) 18. a4 Qxd6 (18... Rf7 $11) 19. Ba3 $1 $14 {[%cal Ra3d6]} Qc7 20. Bxf8 Rxf8 21. axb5 cxb5 22. Bxd5 ({Much worse is} 22. Rxd5 $6 exd5 23. Bxd5+ Kh8 $15) 22... exd5 23. Rxd5 Qb6 24. Rd7 a5 25. Qc3 a4 26. Qb4 ({White should play} 26. Rxa4 $1 $16 Be6 27. Rad4 Bxd7 28. Rxd7) 26... Qe6 $1 $11 {[%cal Re6d7] The position is equal.} 27. Re7 Qd5 28. h4 Rd8 29. Rc1 h5 30. Qb1 {[#] Threatens to win with Qg6.} Qd2 31. Kh2 Rd7 32. Re8+ Kf7 33. Re3 g6 34. Rc2 Qd1 35. Qb2 Qe1 36. Rf3 f5 $1 {( -> ...Rd1)} 37. Qh8 {Black must now prevent Qh7+.} Rd1 {[%csl Gd1][%cal Re1h1]} 38. Qh7+ Kf8 {[%csl Gd1][%cal Re1h1]} 39. Qh8+ Kf7 {[%csl Gd1][%cal Re1h1]} 40. Qh7+ Kf8 {Precision: White = 75%, Black = 68%.} (40... Kf6 $5 41. Qh8+ $8 Kf7 $11) 1/2-1/2

[Event "22nd OIBM 2018"]
[Site "Gmund am Tegernsee"]
[Date "2018.11.03"]
[Round "8"]
[White "Hovhannisyan, Robert"]
[Black "Kovalenko, Igor"]
[Result "1/2-1/2"]
[WhiteElo "2621"]
[BlackElo "2646"]
[Annotator "TA"]
[PlyCount "106"]
[EventDate "2018.10.27"]
[EventType "swiss"]
[EventCountry "GER"]
[SourceTitle "playchess.com"]
[Source "ChessBase"]
[SourceQuality "1"]

{[%evp 28,106,17,20,20,20,24,20,20,20,27,20,23,20,20,16,18,16,10,0,16,5,5,2,6,9,9,7,6,7,10,3,6,0,0,0,0,0,0,0,0,0,0,0,0,0,0,0,0,-8,0,-6,0,0,0,0,0,0,0,0,0,0,0,0,0,0,0,0,0,0,0,0,8,8,8,8,8,8,8,8,8]} 1. e4 c5 2. Nf3 e6 3. d4 cxd4 4. Nxd4 Nf6 5. Nc3 Nc6 6. Ndb5 Bb4 7. a3 Bxc3+ 8. Nxc3 d5 9. exd5 exd5 10. Bd3 O-O 11. O-O d4 12. Ne2 Bg4 13. Bg5 h6 {B45: Sicilian Four Knights} (13... Qd6 14. Qd2 Bxe2 15. Qxe2 Rfe8 16. Qf3 Ne5 17. Qg3 Nh5 18. Qh3 Nxd3 19. Qxd3 Nf4 20. Bxf4 Qxf4 21. Rfe1 g6 22. g3 Qf6 23. Rad1 Rxe1+ 24. Rxe1 Rc8 25. Re4 Kg7 26. Qxd4 Qxd4 27. Rxd4 Rxc2 28. b4 {½-½ (28) Brkic,A (2598)-Martinovic,S (2589) Jahorina 2018}) 14. Bh4 Bxe2 15. Bxe2 {LiveBook: 3 Games} Re8 16. Re1 Re4 17. Bg3 Qb6 18. b4 $146 ({Predecessor:} 18. b3 Rae8 19. Qd2 R4e7 20. Bd3 Ne4 21. Bxe4 Rxe4 22. Rxe4 Rxe4 {0-1 (45) Mueller,J (2031)-Norris,D (1876) Cha Am 2018}) 18... Rae8 19. Qd2 R4e7 20. Bf3 Ne4 {The position is equal.} 21. Bxe4 Rxe4 22. Rxe4 Rxe4 23. Qd3 Re6 24. h3 a6 25. Rd1 Qa7 26. c4 dxc3 $1 27. Qxc3 b5 28. Rd5 Qe7 29. Kh2 Qf6 30. Qc1 Ne7 31. Rd8+ Kh7 32. Qc2+ Qg6 33. Qxg6+ (33. Qd1 {keeps more tension.} Qf6 34. Rd7 Nf5 35. Qd3 g6 36. Bf4) 33... Kxg6 $11 {[%mdl 4096] Endgame KRB-KRN} 34. Bd6 Nc6 35. Rd7 h5 36. Bc5 Ne5 37. Rd4 Kf5 38. Rd5 g5 39. f3 Kg6 40. h4 f6 41. hxg5 fxg5 42. Rd4 Nf7 43. Rd2 Nh6 44. a4 bxa4 45. Ra2 Nf5 46. Rxa4 g4 47. fxg4 hxg4 {[#] Threatens to win with ...g3+.} 48. g3 Re2+ 49. Kg1 Nxg3 50. b5 Ne4 51. bxa6 Nxc5 52. a7 Re8 53. a8=Q Rxa8 {Precision: White = 71%, Black = 88%.} 1/2-1/2